[Dieter Heckmann (Hrsg.): Beiträge zur Handels- und Wirtschaftsgeschichte Elbings und Danzigs im Mittelalter und Neuzeit]

Titel: [Dieter Heckmann (Hrsg.): Beiträge zur Handels- und Wirtschaftsgeschichte Elbings und Danzigs im Mittelalter und Neuzeit] / Ingrid Männl
Verfasser:
In: Preußenland, Band 8 (2017), Seite 217-219
alle Artikel anzeigen
Veröffentlicht: 2017 [2018]
Format: Aufsatz
Sprache: Deutsch
Schlagworte:
Kein Bild verfügbar
X
alg: 43223753
001A    $03025:01-06-18 
001B    $01999:27-07-21 $t17:20:38.000 
001C    $03025:01-06-18 $t12:21:58.000 
001D    $03025:01-06-18 
001U    $0utf8 
001X    $00 
002@    $0Aou 
002C    $aText $btxt $2rdacontent 
002D    $aohne Hilfsmittel zu benutzen $bn $2rdamedia 
002E    $aBand $bnc $2rdacarrier 
003@    $0432237534 
007A    $0432237534 $aHEB 
010@    $ager 
010E    $erda 
011@    $a2017 $n2017 [2018] 
013D    $#Newspapers Sections, columns, etc. Reviews $#Book reviewing $#Journaux Cahiers, chroniques, etc. Comptes rendus $#Livres Recension $#Rezension $#Buchbesprechung $#Buchrezension $#Buchkritik $74049712-4 $8Rezension [Ts1] $9085138568 
021A    $a[Dieter Heckmann (Hrsg.): Beiträge zur Handels- und Wirtschaftsgeschichte Elbings und Danzigs im Mittelalter und Neuzeit] $hIngrid Männl 
028A    $BVerfasser $4aut $7 $8Männl, Ingrid [Tnd] $9154112704 
031A    $d8 $h217-219 $j2017 
039B    $aEnthalten in $8--Abvc--. Preußenland. - Osnabrück : Fibre-Verl., 1963-. - ISSN 0032-7972 $x201700000080000783 $9047115017 
039T    $aRezension von $8--Aau--. Beiträge zur Handels- und Wirtschaftsgeschichte Elbings und Danzigs im Mittelalter und Neuzeit. - Münster : Copernicus-Verl., 2013. - 107 S.. - Ill., graph. Darst.. - ISBN 978-3-924238-45-2 $9320526054 
045F    $a900.9438 $eDDC23BSB 
045F/01 $a900 
045F/03 $g438 
045F/03 $g4382 
045T    $a8,1 

lok: 43223753 78

exp: 43223753 78 1 #EPN
201B/01 $016-06-21 $t16:42:38.000 
201C/01 $001-06-18 
201U/01 $0utf8 
203@/01 $01022921983 
208@/01 $a01-06-18 $be 
209A/01 $a/ $f000 $x00 
209A/01 $ab*p $x01 
220C/01 $akoe 
244Z/01 $#Generalgouvernement Polen $#Polska $#Rzeczpospolita Polska $#Polska Rzeczpospolita Ludowa $#Poland $#Pologne $#République Polonaise $#Generalne Gubernatorstwo w Polsce $#Polish People's Republic $#Polska Rzeczpospolita Polen $#PRL $#RP $#Polen Generalgouvernement $#Polska Generalgouvernement $#Besetzte Polnische Gebiete $#Besetztes Gebiet in Polen $#Okupowane Polskie Obszary $#Obszary Okupowane w Polsce $#Volksrepublik Polen $#Polska Rosyjska $#Republic Polen $#Respublika Pol'ša $#Pol'skaja Narodnaja Respublika $#République de Pologne $#Polen Links der Weichsel $#Polska po Lewej Stronie Wisły $#Lenkija $#Polija $#Gubernija Carstva Pol'skago $#Republik Polen $74046496-9 $8--Tg1--Polen $x01 $9085129801 
244Z/01 $#Preußen $#Preußen $#Brandenburg-Preußen $#Königreich Preußen $#Preußische Staaten $#Preußischer Staat $#Der @Preußische Staat $#Königlich Preußische Staaten $#Prusy Królewskie $#Königlich Preußen $#Prussia $74047194-9 $8--Tg1--Preußen $x11 $9085131652 
244Z/01 $#Westpreußen $#Königlich-Preußen $#Polnisch-Preußen $#Königliches Preußen $74079244-4 $8--Tg1--Westpreußen $x17 $908522510X 
247C/01 $82080>Marburg/Lahn, Herder-Institut, Forschungsbibliothek, Bibliographieportal $9336309341
LEADER 00000caa a2200000 c 4500
001 432237534
003 DE-603
005 20210727172038.0
007 tu
008 180601s2017 xx |||| | u00||u|ger c
035 |a (DE-599)HEB432237534 
040 |a DE-603  |b ger  |c DE-603  |d DE-603  |e rda 
041 |a ger 
082 0 4 |8 1\u  |a 900.9438  |q DE-101  |2 23/BSB 
084 |a 8,1  |2 ssgn 
085 |8 1\u  |b 900 
085 |8 1\u  |z 2  |s 438 
085 |8 1\u  |z 2  |s 4382 
100 1 |a Männl, Ingrid  |e Verfasser  |4 aut  |0 (DE-603)154112704 
245 0 0 |a [Dieter Heckmann (Hrsg.): Beiträge zur Handels- und Wirtschaftsgeschichte Elbings und Danzigs im Mittelalter und Neuzeit]  |c Ingrid Männl 
264 0 |c 2017 [2018] 
336 |a Text  |b txt  |2 rdacontent 
337 |a ohne Hilfsmittel zu benutzen  |b n  |2 rdamedia 
338 |a Band  |b nc  |2 rdacarrier 
655 7 |a Rezension  |2 gnd-content  |0 (DE-588)4049712-4  |0 (DE-603)085138568 
773 0 8 |i Enthalten in  |t Preußenland  |d Osnabrück : Fibre-Verl., 1963-  |h 24 cm  |x 0032-7972  |g Band 8 (2017), Seite 217-219  |w (DE-603)047115017  |w (DE-600)123737-8 
787 0 8 |i Rezension von  |t Beiträge zur Handels- und Wirtschaftsgeschichte Elbings und Danzigs im Mittelalter und Neuzeit  |d Münster : Copernicus-Verl., 2013  |h 107 S., Ill., graph. Darst.  |z 9783924238452  |w (DE-603)320526054 
924 0 |9 2080  |a (DE-603)1022921983  |b DE-2080  |c HES  |d d  |g /